Reading FC Squad 2025-2026 - Statistics

General Stats
  • This quiz has been taken 2 times
  • The average score is 24 of 52
Answer Stats
Position Answer % Correct
MF Charlie Savage
100%
DF Derrick Williams
100%
DF Jeriel Dorsett
100%
MAN Leam Richardson
100%
MF Lewis Wing
100%
MF Liam Fraser
100%
MF Mamadi Camará
100%
MF Matt Ritchie
100%
MAN Noel Hunt
100%
DF Paudie O'Connor
100%
FW Randell Williams
100%
DF Abraham Kanu
50%
DF Andre Garcia
50%
DF Andy Rinomhota
50%
DF Andy Yiadom
50%
DF Ashqar Ahmed
50%
FW Basil Tuma
50%
DF Benn Ward
50%
FW Daniel Kyerewaa
50%
FW Emmanuel Osho
50%
DF Finley Burns
50%
GK Harrison Rhone
50%
DF Haydon Roberts
50%
FW Jack Marriott
50%
GK Jack Stevens
50%
DF Jacob Borgnis
50%
GK Joel Pereira
50%
DF Kelvin Abrefa
50%
FW Kelvin Ehibhatiomhan
50%
FW Mark O'Mahony
50%
GK Matt Rowley
50%
DF Matty Jacob
50%
DF Michael Stickland
50%
MF Paddy Lane
50%
FW Sean Patton
50%
MF Tivonge Rushesha
50%
GK Tom Norcott
50%
MF Ben Elliott
0%
DF Boyd Beacroft
0%
MF Carter Bowdery
0%
FW Jeremiah Okine-Peters
0%
MF Joe Barough
0%
DF John Ryan
0%
FW Kadan Young
0%
MF Kamari Doyle
0%
MF Luke Howard
0%
DF Philip Duah
0%
FW Reece Evans
0%
DF Ryan Nyambe
0%
MF Shay Spencer
0%
MF Tyler Sackey
0%
FW Will Keane
0%
No matching quizzes found
Score Distribution
Percent of People with Each Score
Percentile by Number Answered
Your Score History
You have not taken this quiz